[Event "Ch Spain (team) (2 div) (gr.2)"]
[Site "masterchessopen.com Burguillos (Spain)"]
[Date "2009.08.05"]
[Round "1"]
[White "Gutierrez Valero Mario (ESP)"]
[Black "Fernandez Barrera Victor (ESP)"]
[Result "0-1"]
[WhiteElo "2024"]
[BlackElo "2309"]

1.d4 Nf6 2.c4 g6 3.Nc3 d5 4.cxd5 Nxd5 5.e4 Nxc3 6.bxc3 Bg7 7.Bc4 c5 8.Ne2 O-O
9.O-O Nc6 10.Be3 Na5 11.Bd3 Bg4 12.f3 cxd4 13.cxd4 Be6 14.d5 Bxa1 15.Qxa1 f6
16.Qd4 Bd7 17.f4 b5 18.e5 Nc4 19.Bxc4 bxc4 20.e6 Bc8 21.f5 Bb7 22.fxg6 Qxd5
23.gxh7+ Kh8 24.Qg4 Qe4 25.Qg3 Qxh7 26.Qc7 Rab8 27.Qxc4 Rg8 28.Nf4 Qh3 29.Qe2
Rxg2+ 30.Nxg2 Bxg2 31.Qxg2 Rg8 32.Qxg8+ Kxg8 33.Bxa7 Qxe6 34.a3 Qa2 35.Bc5 Kf7
36.Rf3 Qd5 {#R} 0-1

[Event "Tournament (Elo) (c)"]
[Site "masterchessopen.com Budapest (Hungary)"]
[Date "2009.08.13"]
[Round "13"]
[White "Simon Tamas (HUN)"]
[Black "Solti Gergely (HUN)"]
[Result "1-0"]
[WhiteElo "1808"]
[BlackElo "1839"]

1.d4 Nf6 2.c4 g6 3.Nc3 d5 4.cxd5 Nxd5 5.e4 Nxc3 6.bxc3 Bg7 7.Bc4 c5 8.Ne2 Nc6
9.Be3 O-O 10.O-O Bg4 11.f3 Na5 12.Bd3 cxd4 13.cxd4 Be6 14.d5 Bxa1 15.Qxa1 f6
16.Bh6 Re8 17.Kh1 Bd7 18.Nf4 e5 19.Ne2 Rc8 20.a4 Nc4 21.Qa2 Nd6 22.f4 Nf7
23.fxe5 Nxe5 24.Bc2 Ng4 25.Bc1 Qb6 26.h3 Ne3 27.a5 Rxc2 28.Qxc2 Nxc2 29.axb6
Bb5 30.Rxf6 axb6 31.Nc3 Bd3 32.Bh6 b5 33.e5 b4 34.e6 Nd4 35.e7 {#r} 1-0

[Event "It (open) \"]
[Site "masterchessopen.com Nuernberg (Germany)"]
[Date "2009.09.03"]
[Round "1"]
[White "Zude Erik Dr (GER)"]
[Black "Seeger Peter (GER)"]
[Result "1-0"]
[WhiteElo "2402"]
[BlackElo "2015"]

1.d4 Nf6 2.c4 g6 3.Nc3 d5 4.cxd5 Nxd5 5.e4 Nxc3 6.bxc3 Bg7 7.Bc4 c5 8.Ne2 O-O
9.O-O Nc6 10.Be3 Bg4 11.f3 cxd4 12.cxd4 Na5 13.Bd3 Be6 14.d5 Bxa1 15.Qxa1 f6
16.Qd4 Bd7 17.e5 b5 18.e6 Be8 19.Bh6 Rc8 20.Rc1 Nc4 21.Bxc4 bxc4 22.Nc3 Qb6
23.Qxb6 axb6 24.a4 Ra8 25.Rb1 Bxa4 26.Bxf8 Kxf8 27.Rxb6 Bb3 28.Kf2 Ra1 29.Rb8+
Kg7 30.d6 {#r} 1-0

[Event "Ch Croatia (team) (3rd league)"]
[Site "masterchessopen.com Zagreb (Croatia)"]
[Date "2009.10.04"]
[Round "8"]
[White "Pavic Jakov (CRO)"]
[Black "Dugandzic Boris (CRO)"]
[Result "1-0"]
[WhiteElo "2118"]
[BlackElo "2227"]

1.d4 Nf6 2.c4 g6 3.Nc3 d5 4.cxd5 Nxd5 5.e4 Nxc3 6.bxc3 Bg7 7.Bc4 c5 8.Ne2 Nc6
9.Be3 cxd4 10.cxd4 O-O 11.O-O Bg4 12.f3 Na5 13.Bd3 Be6 14.d5 Bxa1 15.Qxa1 f6
16.Kh1 Bd7 17.Bh6 Rf7 18.e5 fxe5 19.Qxe5 Qb6 20.Bd2 Rc8 21.Bc3 Rxc3 22.Nxc3
Qf6 23.Qc7 b6 24.Ne4 Qd4 25.Qxd7 Qxd3 26.Re1 Nc4 27.Qe6 Kg7 28.Ng5 Rf5
29.Qxe7+ Kh6 30.h4 {#r} 1-0

[Event "It (open)"]
[Site "masterchessopen.com Arco (Italy)"]
[Date "2009.10.24"]
[Round "8"]
[White "Cardili Mariano (ITA)"]
[Black "Pienabarca Nicola (ITA)"]
[Result "1-0"]
[WhiteElo "2106"]
[BlackElo "2081"]

1.d4 Nf6 2.c4 g6 3.Nc3 d5 4.cxd5 Nxd5 5.e4 Nxc3 6.bxc3 Bg7 7.Bc4 c5 8.Ne2 Nc6
9.Be3 O-O 10.O-O Bg4 11.f3 Na5 12.Bd3 cxd4 13.cxd4 Be6 14.Rc1 Bxa2 15.Qa4 Bb3
16.Qb4 b6 17.Bg5 f6 18.Bf4 e5 19.Be3 Re8 20.d5 Bf8 21.Qd2 Ba4 22.Qa2 Bd7
23.Nc3 Bd6 24.Nb5 Bxb5 25.Bxb5 Re7 26.Rfd1 Kh8 27.g4 Rc8 28.Bc6 Rec7 29.Qa4
Qe7 30.Kg2 Nxc6 31.Rxc6 Bc5 32.Bxc5 bxc5 33.d6 Qe8 34.dxc7 {#r} 1-0

[Event "Bezirksliga 2009/10"]
[Site "masterchessopen.com Bayern (Germany)"]
[Date "2009.10.25"]
[Round "2"]
[White "Weinmann Stefan (GER)"]
[Black "Seeger Peter (GER)"]
[Result "0-1"]
[WhiteElo "2157"]
[BlackElo "2015"]

1.d4 Nf6 2.c4 g6 3.Nc3 d5 4.cxd5 Nxd5 5.e4 Nxc3 6.bxc3 Bg7 7.Bc4 O-O 8.Ne2 c5
9.O-O Nc6 10.Be3 Bg4 11.f3 cxd4 12.cxd4 Na5 13.Bd3 Be6 14.d5 Bxa1 15.Qxa1 f6
16.Kh1 Bf7 17.Bh6 Re8 18.Bb5 Qb6 19.Bxe8 Rxe8 20.Rc1 Qa6 21.Qc3 Qxe2 22.Qxa5
g5 23.h4 g4 24.Re1 Qf2 25.h5 gxf3 26.gxf3 Qxf3+ 27.Kg1 Bxh5 28.Re3 Qg4+ 29.Kf1
Bg6 30.Qc3 Rc8 31.Qd2 Qh4 32.Re2 Qh1+ 33.Kf2 Qh4+ 34.Kf1 Qh1+ 35.Kf2 Bxe4
36.Qf4 Qg2+ 37.Ke3 Rc3+ 38.Kd4 Rd3+ 39.Kc4 Qxe2 40.Qg3+ Rxg3+ {#R} 0-1

[Event "Ch Finland (team) 2009/10"]
[Site "masterchessopen.com Finland"]
[Date "2009.11.14"]
[Round "4"]
[White "Veingold Aleksandr (EST)"]
[Black "Holmsten Aleksei (FIN)"]
[Result "1-0"]
[WhiteElo "2468"]
[BlackElo "2376"]

1.d4 Nf6 2.c4 g6 3.Nc3 d5 4.cxd5 Nxd5 5.e4 Nxc3 6.bxc3 Bg7 7.Bc4 c5 8.Ne2 O-O
9.O-O Nc6 10.Be3 Bg4 11.f3 Na5 12.Bd3 cxd4 13.cxd4 Be6 14.d5 Bd7 15.Rc1 e6
16.Qd2 exd5 17.exd5 Re8 18.Nc3 b6 19.Ne4 Re5 20.Ba6 Bf5 21.Rfd1 Bxe4 22.fxe4
Rxe4 23.d6 Qd7 24.Qd5 Ree8 25.Rc7 Qe6 26.Qxe6 Rxe6 27.d7 Rd8 28.Bg5 f6 29.Rc8
Re1+ {#r} 1-0

[Event "Ch World (juniors) (under 14)"]
[Site "masterchessopen.com Kemer (Turkey)"]
[Date "2009.11.21"]
[Round "10"]
[White "Mindlin Alon (ISR)"]
[Black "Gu In Jung (KOR)"]
[Result "1-0"]
[WhiteElo "2006"]
[BlackElo "1667"]

1.d4 Nf6 2.c4 g6 3.Nc3 d5 4.cxd5 Nxd5 5.e4 Nxc3 6.bxc3 Bg7 7.Bc4 c5 8.Ne2 O-O
9.O-O Nc6 10.Be3 Bg4 11.f3 Na5 12.Bd3 cxd4 13.cxd4 Be6 14.d5 Bxa1 15.Qxa1 f6
16.Qd4 Bf7 17.Bh6 Re8 18.Bb5 e5 19.Qf2 Re7 20.f4 Rc8 21.fxe5 Rxe5 22.Ng3 Be8
23.Bxe8 Rxe8 24.Nh5 Re5 25.Nxf6+ Kh8 26.Nd7 Re7 27.Qd4+ Kg8 28.Rf8+ Qxf8
29.Nxf8 Rxf8 30.Bxf8 Kxf8 31.Qh8+ Kf7 32.e5 {#r} 1-0

[Event "It (open)"]
[Site "masterchessopen.com Mondariz (Spain)"]
[Date "2009.12.30"]
[Round "7"]
[White "Alvarez Nistal David (ESP)"]
[Black "Villar Perez Samuel (ESP)"]
[Result "0-1"]
[WhiteElo "1868"]
[BlackElo "2075"]

1.d4 Nf6 2.c4 g6 3.Nc3 d5 4.cxd5 Nxd5 5.e4 Nxc3 6.bxc3 Bg7 7.Bc4 c5 8.Ne2 Nc6
9.Be3 O-O 10.O-O Bg4 11.f3 Na5 12.Bd3 cxd4 13.cxd4 Be6 14.d5 Bxa1 15.Qxa1 f6
16.Bh6 Re8 17.Kh1 Bd7 18.f4 Rc8 19.e5 Nc4 20.d6 Ne3 21.Rf3 Ng4 22.Qb1 Qb6
23.Qf1 Nxh6 24.dxe7 Rxe7 25.exf6 Qxf6 {#R} 0-1

[Event "Ch PriFO (open)"]
[Site "masterchessopen.com Naberezhnye Chelny (Russia)"]
[Date "2010.01.25"]
[Round "7"]
[White "Prikhodko Anton (RUS)"]
[Black "Mokshanov Alexey (RUS)"]
[Result "0-1"]
[WhiteElo "2072"]
[BlackElo "2271"]

1.d4 Nf6 2.c4 g6 3.Nc3 d5 4.cxd5 Nxd5 5.e4 Nxc3 6.bxc3 Bg7 7.Bc4 c5 8.Ne2 Nc6
9.Be3 O-O 10.O-O Bg4 11.f3 Na5 12.Bd3 cxd4 13.cxd4 Be6 14.d5 Bxa1 15.Qxa1 f6
16.Qe1 Bf7 17.Nd4 Rc8 18.Qb4 e6 19.Bd2 exd5 20.Qxa5 dxe4 21.Bxe4 Qxd4+ 22.Rf2
Rfe8 23.g3 f5 24.Bxb7 Re2 25.Be1 Rc1 26.Kg2 Rcxe1 {#R} 0-1

[Event "Ch Hungary (team) 2009/10"]
[Site "masterchessopen.com Hungary"]
[Round "5"]
[White "Deak Sandor (HUN)"]
[Black "Volosin Vladimir (HUN)"]
[Result "0-1"]
[WhiteElo "2305"]
[BlackElo "2286"]

1.d4 Nf6 2.c4 g6 3.Nc3 d5 4.cxd5 Nxd5 5.e4 Nxc3 6.bxc3 Bg7 7.Bc4 O-O 8.Ne2 c5
9.O-O Nc6 10.Be3 cxd4 11.cxd4 Bg4 12.f3 Na5 13.Bd3 Be6 14.d5 Bxa1 15.Qxa1 f6
16.Rd1 Bf7 17.f4 b6 18.Ba6 Qd7 19.Nc3 Rad8 20.h3 Qc7 21.Nb5 Qb8 22.Rc1 Rd7
23.Qb2 Nb7 24.Qf2 Nd6 25.Nc3 Rc7 26.Qe2 Rd8 27.g4 Rxc3 28.Rxc3 Nxe4 29.Rd3
Rxd5 30.Bc1 Rxd3 31.Bxd3 Nc5 {#R} 0-1

[Event "Ch Romania"]
[Site "masterchessopen.com Baile Olanesti (Romania)"]
[Date "2010.02.02"]
[Round "4"]
[White "Smarandoiu Adrian-Ion"]
[Black "Nedelcu Ionut"]
[Result "1-0"]
[WhiteElo "2045"]
[BlackElo "1806"]

1.d4 Nf6 2.c4 g6 3.Nc3 d5 4.cxd5 Nxd5 5.e4 Nxc3 6.bxc3 Bg7 7.Bc4 c5 8.Be3 Nc6
9.Ne2 O-O 10.O-O cxd4 11.cxd4 Bg4 12.f3 Na5 13.Bd3 Be6 14.d5 Bxa1 15.Qxa1 f6
16.Qd4 Bf7 17.Bh6 Qd6 18.Bxf8 Kxf8 19.Qc3 b6 20.Rc1 Nb7 21.Nd4 Nc5 22.Nb5 Qf4
23.Bf1 f5 24.g3 Qb8 25.Qh8+ Bg8 26.d6 Qb7 27.Nc7 Rc8 28.Bc4 e6 29.Bxe6 Nxe6
30.Nxe6+ Kf7 31.Ng5+ Kf8 32.Qf6+ {#r} 1-0

[Event "Ch Finland (team) 2009/10"]
[Site "masterchessopen.com Finland"]
[Date "2010.02.13"]
[Round "6"]
[White "Kanep Meelis (EST)"]
[Black "Holmsten Aleksei (FIN)"]
[Result "1-0"]
[WhiteElo "2532"]
[BlackElo "2375"]

1.d4 Nf6 2.c4 g6 3.Nc3 d5 4.cxd5 Nxd5 5.e4 Nxc3 6.bxc3 Bg7 7.Bc4 c5 8.Ne2 O-O
9.O-O Nc6 10.Be3 Bg4 11.f3 Na5 12.Bd3 cxd4 13.cxd4 Be6 14.d5 Bd7 15.Rc1 e6
16.Qd2 exd5 17.exd5 a6 18.Bg5 Qb6+ 19.Be3 Qd8 20.Qb4 b5 21.Bd4 Bxd4+ 22.Qxd4
Nb7 23.d6 Rb8 24.Nf4 Be8 25.Nd5 Qxd6 26.Nf6+ Kh8 27.Qb2 Qxd3 28.Nxe8+ f6
29.Nxf6 {#r} 1-0

[Event "Ch Denmark (team) 2009/10"]
[Site "masterchessopen.com Denmark"]
[Date "2010.03.03"]
[Round "9"]
[White "Jakobsen Peter (DEN)"]
[Black "Zaksaite Salomeja (LTU)"]
[Result "1-0"]
[WhiteElo "2230"]
[BlackElo "2198"]

1.d4 Nf6 2.c4 g6 3.Nc3 d5 4.cxd5 Nxd5 5.e4 Nxc3 6.bxc3 Bg7 7.Bc4 c5 8.Ne2 cxd4
9.cxd4 O-O 10.O-O Nc6 11.Be3 Bg4 12.f3 Na5 13.Bd3 Be6 14.Rc1 Bxa2 15.Qa4 Be6
16.d5 f5 17.Nd4 Bd7 18.Bb5 Bxb5 19.Nxb5 f4 20.Nc7 b5 21.Qxb5 Rb8 22.Qxa5 fxe3
23.Qxa7 e2 24.Rfe1 Bh6 25.Rc2 Qd7 26.Qa2 Be3+ 27.Kh1 e5 28.dxe6 Qd1 29.Rxe2
{#r} 1-0

[Event "Czech League 2009/10 (2nd) (c)"]
[Site "masterchessopen.com Czech Republic"]
[Date "2010.03.14"]
[Round "9"]
[White "Braun Marek (CZE)"]
[Black "Voracek Miroslav (CZE)"]
[Result "1-0"]
[WhiteElo "2153"]
[BlackElo "2184"]

1.d4 Nf6 2.c4 g6 3.Nc3 d5 4.cxd5 Nxd5 5.e4 Nxc3 6.bxc3 Bg7 7.Bc4 c5 8.Ne2 Nc6
9.Be3 O-O 10.O-O Bg4 11.f3 cxd4 12.cxd4 Na5 13.Bd3 Be6 14.d5 Bxa1 15.Qxa1 f6
16.Rb1 Qd6 17.Qc3 b6 18.Bf4 Qd7 19.Bb5 Qc8 20.dxe6 Qxe6 21.Qa3 Qf7 22.Qa4 Rfd8
23.Nc3 Rac8 24.Nd5 e6 25.Nb4 e5 26.Be3 Nc4 27.Bf2 Rd2 28.Nd5 Nb2 29.Qa3 Kg7
30.Be1 Rxd5 31.exd5 Nc4 32.Qa6 Nd6 33.Bc6 Qe7 34.Bb4 Rf8 35.Qa3 {#r} 1-0

[Event "It (open)"]
[Site "masterchessopen.com Medellin (Colombia)"]
[Date "2010.04.24"]
[Round "3"]
[White "Benitez Carlos (COL)"]
[Black "Guerrero Juan Carlos (COL)"]
[Result "0-1"]
[WhiteElo "2160"]
[BlackElo "2258"]

1.d4 Nf6 2.c4 g6 3.Nc3 d5 4.cxd5 Nxd5 5.e4 Nxc3 6.bxc3 Bg7 7.Bc4 c5 8.Ne2 O-O
9.O-O Nc6 10.Be3 cxd4 11.cxd4 Bg4 12.f3 Na5 13.Bd3 Be6 14.d5 Bxa1 15.Qxa1 f6
16.Qd4 Bf7 17.Bh6 Re8 18.Bb5 e5 19.Qf2 Re7 20.Bd3 Qd6 21.Bd2 Qa3 22.Qe3 Rc8
23.Bc1 Qxa2 {#R} 0-1

[Event "Memorial Y. Voroniatov (open)"]
[Site "masterchessopen.com Nizhnij Novgorod (Russia)"]
[Round "1"]
[White "Kim Nikita (RUS)"]
[Black "Pristalov Evgeny (RUS)"]
[Result "0-1"]
[WhiteElo "2235"]
[BlackElo "2008"]

1.d4 Nf6 2.c4 g6 3.Nc3 d5 4.cxd5 Nxd5 5.e4 Nxc3 6.bxc3 Bg7 7.Bc4 c5 8.Ne2 O-O
9.O-O Nc6 10.Be3 Bg4 11.f3 cxd4 12.cxd4 Na5 13.Bd3 Be6 14.d5 Bxa1 15.Qxa1 f6
16.Bh6 Re8 17.Kh1 Bd7 {#R} 0-1

[Event "Tournament \"]
[Site "masterchessopen.com Egypt"]
[Date "2010.06.01"]
[Round "3"]
[White "Elsayed Alaa Eldin (EGY)"]
[Black "Mahdy Tawfeik (EGY)"]
[Result "0-1"]
[WhiteElo "2049"]
[BlackElo "2110"]

1.d4 Nf6 2.c4 g6 3.Nc3 d5 4.cxd5 Nxd5 5.e4 Nxc3 6.bxc3 Bg7 7.Bc4 c5 8.Ne2 O-O
9.Be3 cxd4 10.cxd4 Nc6 11.O-O Na5 12.Bd3 Bg4 13.f3 Be6 14.d5 Bd7 15.Rb1 b6
16.Qd2 Re8 17.Bf4 Nb7 18.Rbc1 Nc5 19.Rfd1 e5 20.Be3 Nxd3 21.Qxd3 Ba4 22.Rf1
Qd7 23.Nc3 Bf8 24.Qa6 b5 25.Nxa4 bxa4 26.Rc6 a3 27.Rfc1 Reb8 28.Bc5 Bh6 29.Rd1
Rb2 30.Qxa3 Rc2 31.Qb3 Re2 32.Rb1 Qd8 33.a3 Qh4 34.Qb8+ Bf8 35.Kf1 Rxb8
36.Kxe2 Rxb1 {#R} 0-1

[Event "It (a) (open)"]
[Site "masterchessopen.com Kostroma (Russia)"]
[Round "2"]
[White "Kukhmazov Arsen (RUS)"]
[Black "Kolmakov Pavel (RUS)"]
[Result "0-1"]
[WhiteElo "2023"]
[BlackElo "2221"]

1.d4 Nf6 2.c4 g6 3.Nc3 d5 4.cxd5 Nxd5 5.e4 Nxc3 6.bxc3 Bg7 7.Bc4 c5 8.Ne2 Nc6
9.Be3 O-O 10.O-O Bg4 11.f3 Na5 12.Bd3 cxd4 13.cxd4 Be6 14.Qa4 a6 15.Rac1 b5
16.Qb4 Bxa2 17.d5 Bc4 18.Rfd1 Nb3 19.Rc2 a5 20.Qa3 Bxd3 21.Rxd3 a4 22.Nc1 Qa5
23.Rd1 Nxc1 24.Rdxc1 b4 25.Qd3 b3 26.Rc5 Qa6 27.Qb1 b2 28.Re1 a3 29.Qa2 Rfb8
30.Rb1 Qd3 31.Kf2 Bd4 {#R} 0-1

[Event "It \"]
[Site "masterchessopen.com Sofia (Bulgaria)"]
[Date "2010.07.18"]
[Round "6"]
[White "Antonov Nikola (BUL)"]
[Black "Sisoev Robert (BUL)"]
[Result "1-0"]
[WhiteElo "1704"]
[BlackElo "1615"]

1.d4 Nf6 2.c4 g6 3.Nc3 d5 4.cxd5 Nxd5 5.e4 Nxc3 6.bxc3 Bg7 7.Bc4 c5 8.Ne2 cxd4
9.cxd4 Nc6 10.Be3 O-O 11.O-O Bg4 12.f3 Na5 13.Bd3 Be6 14.Qa4 Rc8 15.Rac1 Bd7
16.Bb5 Bxb5 17.Qxb5 b6 18.Rxc8 Qxc8 19.Rc1 Qb7 20.Bd2 Rb8 21.Bxa5 bxa5 22.Qxa5
Qd7 23.Qc5 h5 24.e5 Bh6 25.f4 Kg7 26.Qc2 Qb5 27.Rf1 Qb2 28.Qxb2 Rxb2 29.Nc3
Rc2 30.Nd5 e6 31.Nf6 Rxa2 32.g3 Rd2 33.Rc1 Kf8 34.Rc8+ {#r} 1-0

[Event "Ch France (accession)"]
[Site "masterchessopen.com Belfort (France)"]
[Round "4"]
[White "Dubessay Bastien (FRA)"]
[Black "Briet Antoine (FRA)"]
[Result "1-0"]
[WhiteElo "2336"]
[BlackElo "2228"]

1.d4 Nf6 2.c4 g6 3.Nc3 d5 4.cxd5 Nxd5 5.e4 Nxc3 6.bxc3 Bg7 7.Bc4 c5 8.Ne2 Nc6
9.Be3 O-O 10.O-O Bg4 11.f3 Na5 12.Bd3 cxd4 13.cxd4 Be6 14.d5 Bxa1 15.Qxa1 f6
16.Bh6 Re8 17.Kh1 Rc8 18.Qb1 Bd7 19.e5 Qb6 20.Qa1 fxe5 21.f4 Nc4 22.Bxc4 Rxc4
23.fxe5 Rh4 24.e6 Rxh6 25.Rf7 {#r} 1-0

[Event "Memorial Rene Basarrate (cat.7)"]
[Site "masterchessopen.com Habana (Cuba)"]
[Date "2010.09.07"]
[Round "2"]
[White "Otero Diasmany (CUB)"]
[Black "Aguero Luis Lazaro (CUB)"]
[Result "1-0"]
[WhiteElo "2417"]
[BlackElo "2403"]

1.d4 Nf6 2.c4 g6 3.Nc3 d5 4.cxd5 Nxd5 5.e4 Nxc3 6.bxc3 Bg7 7.Bc4 c5 8.Ne2 O-O
9.O-O Nc6 10.Be3 Na5 11.Bd3 Bg4 12.f3 cxd4 13.cxd4 Be6 14.d5 Bxa1 15.Qxa1 f6
16.Bd4 Bf7 17.g4 g5 18.h4 gxh4 19.Kg2 Qd6 20.Rh1 Qa3 21.Nf4 Rac8 22.e5 Bg6
23.Bxg6 hxg6 24.Qb1 f5 25.Rxh4 Qa4 26.Rh6 Qxd4 27.Rxg6+ Kf7 28.Qxf5+ {#r} 1-0

[Event "It (open)"]
[Site "masterchessopen.com Villa Martelli (Argentina)"]
[Date "2010.10.12"]
[Round "1"]
[White "Fabian Gaston (ARG)"]
[Black "Mendez Ignacio (ARG)"]
[Result "1-0"]
[WhiteElo "2266"]
[BlackElo "1874"]

1.d4 Nf6 2.c4 g6 3.Nc3 d5 4.cxd5 Nxd5 5.e4 Nxc3 6.bxc3 Bg7 7.Bc4 O-O 8.Ne2 c5
9.O-O Nc6 10.Be3 cxd4 11.cxd4 Bg4 12.f3 Na5 13.Bd3 Be6 14.d5 Bxa1 15.Qxa1 f6
16.Qd4 Bf7 17.Bh6 Re8 18.Bb5 a6 19.Bxe8 Bxe8 20.Rc1 Rc8 21.Rxc8 Qxc8 22.Qb4
Qd8 23.Nd4 Bd7 24.Bd2 b6 25.Qc3 Nb7 26.Nc6 Bxc6 27.dxc6 Nc5 28.Be3 Qd6 29.Qc4+
e6 30.Qd4 Qe7 31.c7 Qxc7 32.Qxf6 Qd6 33.Bd4 {#r} 1-0

[Event "It (w)"]
[Site "masterchessopen.com Sao Paulo (Brazil)"]
[Date "2010.11.20"]
[Round "5"]
[White "Fernandez Maria (ARG)"]
[Black "Gazola Vanessa Ramos (BRA)"]
[Result "1-0"]
[WhiteElo "2119"]
[BlackElo "1983"]

1.d4 Nf6 2.c4 g6 3.Nc3 d5 4.cxd5 Nxd5 5.e4 Nxc3 6.bxc3 Bg7 7.Be3 c5 8.Bc4 Nc6
9.Ne2 O-O 10.O-O Bg4 11.f3 Na5 12.Bd3 cxd4 13.cxd4 Be6 14.d5 Bxa1 15.Qxa1 f6
16.Bh6 Re8 17.f4 Bd7 18.f5 Bb5 19.Bxb5 Qb6+ 20.Nd4 Rec8 21.Bd7 Rc4 22.Be6+ Kh8
23.fxg6 hxg6 24.Be3 Qd8 25.Qe1 Ra4 26.Qh4+ {#r} 1-0

[Event "It (open)"]
[Site "masterchessopen.com Medellin (Colombia)"]
[Round "6"]
[White "Cuesta Bejarano Manuel Enriq"]
[Black "Zabala Fidel (COL)"]
[Result "0-1"]
[WhiteElo "2016"]
[BlackElo "2005"]

1.d4 Nf6 2.c4 g6 3.Nc3 d5 4.cxd5 Nxd5 5.e4 Nxc3 6.bxc3 Bg7 7.Bc4 O-O 8.Ne2 c5
9.Be3 Nc6 10.O-O cxd4 11.cxd4 Bg4 12.f3 Na5 13.Bd3 Be6 14.Qd2 Bc4 15.Rac1 b5
16.Rc2 e6 17.Kh1 Bxd3 18.Qxd3 Nc4 19.Bg1 Qd7 20.Rfc1 Rfd8 21.Qb3 a6 22.f4 h5
23.Qh3 Qb7 24.Qd3 Rd7 25.h3 Rad8 26.a4 Nd6 27.e5 Nf5 28.axb5 axb5 29.Rb1 b4
30.Rc4 Bf8 31.Nc3 Qa8 32.Ne4 Qxe4 {#R} 0-1

[Event "It (open)"]
[Site "masterchessopen.com Mar del Plata (Argentina)"]
[Date "2011.04.18"]
[Round "4"]
[White "Mashal Ruben (ARG)"]
[Black "Paveto Kevin (ARG)"]
[Result "1-0"]
[WhiteElo "2101"]
[BlackElo "2235"]

1.d4 Nf6 2.c4 g6 3.Nc3 d5 4.cxd5 Nxd5 5.e4 Nxc3 6.bxc3 Bg7 7.Bc4 c5 8.Ne2 O-O
9.O-O Nc6 10.Be3 Bg4 11.f3 Na5 12.Bd3 cxd4 13.cxd4 Be6 14.d5 Bxa1 15.Qxa1 f6
16.Bh6 Re8 17.Kh1 a6 18.Nf4 Bd7 19.e5 Bb5 20.Bxg6 hxg6 21.Qb1 f5 22.Qe1 Bxf1
23.Qg3 Qb6 24.d6 Bxg2+ 25.Kxg2 Qb2+ 26.Kh3 Qxe5 27.Qxg6+ Kh8 28.Qf7 Rg8 29.Qh5
Rg7 30.Ng6+ Rxg6 31.Bf4+ Kg7 32.Bxe5+ Rf6 33.dxe7 {#r} 1-0

[Event "Ch Germany (juniors) (Internet) (under 25) (qual1)"]
[Site "masterchessopen.com Internet"]
[Date "2011.05.01"]
[Round "3"]
[White "Colpe Malte (GER)"]
[Black "Wedrychowski Lukas"]
[Result "1-0"]
[WhiteElo "2245"]
[BlackElo "1645"]

1.d4 Nf6 2.c4 g6 3.Nc3 d5 4.cxd5 Nxd5 5.e4 Nxc3 6.bxc3 Bg7 7.Bc4 O-O 8.Ne2 c5
9.O-O Nc6 10.Be3 Bg4 11.f3 Na5 12.Bd3 cxd4 13.cxd4 Be6 14.d5 Bd7 15.Kh1 Bxa1
16.Qxa1 f6 17.Bh6 Re8 18.Nf4 Kf7 19.e5 e6 20.Rd1 Qe7 21.d6 Qd8 22.Nh3 Rc8
23.exf6 Qxf6 24.Ng5+ Kg8 25.Qxf6 {#r} 1-0

[Event "It \"]
[Site "masterchessopen.com Barcelona (Spain)"]
[Date "2011.05.19"]
[Round "7"]
[White "Flores Linan Josep Luis (ESP)"]
[Black "Ramon Serrano Francisco Javier (ESP)"]
[Result "0-1"]
[WhiteElo "1926"]
[BlackElo "2081"]

1.d4 Nf6 2.c4 g6 3.Nc3 d5 4.cxd5 Nxd5 5.e4 Nxc3 6.bxc3 Bg7 7.Bc4 O-O 8.Ne2 c5
9.O-O cxd4 10.cxd4 Nc6 11.Be3 Na5 12.Bd3 Bg4 13.f3 Be6 14.d5 Bxa1 15.Qxa1 f6
16.Bh6 Re8 17.Qd4 Bf7 18.Bb5 e5 19.dxe6 Rxe6 20.Rd1 Qxd4+ 21.Rxd4 a6 22.Bd3
Ree8 23.Bf4 Nc6 24.Ra4 Rad8 25.Bc4 Ne5 26.Bxf7+ Kxf7 27.Nc3 g5 28.Be3 Ng6
29.Rc4 Rc8 {#R} 0-1

[Event "Ch Germany (open) (under 25) (a)"]
[Site "masterchessopen.com Oberhof (Germany)"]
[Date "2011.06.12"]
[Round "1"]
[White "Nehls Benedikt (GER)"]
[Black "Schiefer Peter"]
[Result "1-0"]
[WhiteElo "1983"]
[BlackElo "1597"]

1.d4 Nf6 2.c4 g6 3.Nc3 d5 4.cxd5 Nxd5 5.e4 Nxc3 6.bxc3 Bg7 7.Bc4 c5 8.Ne2 cxd4
9.cxd4 Nc6 10.Be3 O-O 11.O-O Bg4 12.f3 Na5 13.Bd3 Be6 14.d5 Bxa1 15.Qxa1 f6
16.Bh6 Re8 17.Kh1 a6 18.Nf4 Bf7 19.e5 Bxd5 20.Rd1 e6 21.exf6 Qc7 22.Nh3 e5
23.Bxg6 hxg6 24.Rxd5 Rad8 25.Qd1 Kh7 26.Bg7 Nc4 27.Ng5+ Kg8 28.f7+ Kxg7
29.fxe8=N+ {#r} 1-0

[Event "It \"]
[Site "masterchessopen.com Bad Homburg (Germany)"]
[Date "2011.06.24"]
[Round "4"]
[White "Schmitt Roland (GER)"]
[Black "Langensteiner Matthias (GER)"]
[Result "0-1"]
[WhiteElo "1916"]
[BlackElo "2059"]

1.d4 Nf6 2.c4 g6 3.Nc3 d5 4.cxd5 Nxd5 5.e4 Nxc3 6.bxc3 Bg7 7.Bc4 c5 8.Ne2 O-O
9.O-O Nc6 10.Be3 Bg4 11.f3 Na5 12.Bd3 cxd4 13.cxd4 Be6 14.d5 Bxa1 15.Qxa1 f6
16.Qd4 Bf7 17.Bh6 Re8 18.Bb5 e5 19.Qf2 Re7 20.f4 Rc8 21.fxe5 Rxe5 22.Ng3 Nc4
23.Qxf6 Qxf6 24.Rxf6 a6 25.Bxc4 Rxc4 26.Rb6 Re7 27.Rd6 Ra4 28.Rd8+ Re8 29.Rd7
b5 30.Bg5 Rxa2 31.Rc7 b4 32.d6 b3 33.Bf6 b2 34.Bxb2 Rxb2 35.e5 Rxe5 36.d7 Re1+
37.Nf1 Rd2 38.Rc8+ Kg7 39.d8=Q Rxd8 40.Rxd8 Bc4 {#R} 0-1

[Event "Tournament (open)"]
[Site "masterchessopen.com Maringa (Brazil)"]
[Date "2011.06.30"]
[Round "1"]
[White "Matsuura Everaldo (BRA)"]
[Black "Alves Sidney David (BRA)"]
[Result "1-0"]
[WhiteElo "2485"]
[BlackElo "1534"]

1.d4 Nf6 2.c4 g6 3.Nc3 d5 4.cxd5 Nxd5 5.e4 Nxc3 6.bxc3 Bg7 7.Bc4 O-O 8.Ne2 c5
9.O-O Nc6 10.Be3 Na5 11.Bd3 cxd4 12.cxd4 Bg4 13.f3 Be6 14.Rc1 Bxa2 15.Qa4 Bb3
16.Qb4 Qb6 17.Qxe7 Nc6 18.Qc5 Qxc5 19.Rxc5 a5 20.e5 a4 21.f4 Ra5 22.Rc3 Nb4
23.Bc4 Bxc4 24.Rxc4 Nd5 25.Bd2 Ra6 26.Rc5 Rd8 27.Nc3 Nxc3 28.Bxc3 h5 29.d5 Bf8
30.d6 a3 31.Ra1 a2 32.Kf2 Rda8 33.Rb5 Ra3 34.Bb2 Rd3 35.Ke2 Rd4 36.Bxd4 {#r}
1-0

[Event "Ch Turkey (team) (2 league)"]
[Site "masterchessopen.com Konya (Turkey)"]
[Date "2011.07.09"]
[Round "8"]
[White "Laciner Kerem (TUR)"]
[Black "Yalim Suleyman (TUR)"]
[Result "1-0"]
[WhiteElo "2297"]
[BlackElo "2119"]

1.d4 Nf6 2.c4 g6 3.Nc3 d5 4.cxd5 Nxd5 5.e4 Nxc3 6.bxc3 Bg7 7.Bc4 c5 8.Ne2 O-O
9.O-O Nc6 10.Be3 Bg4 11.f3 Na5 12.Bd3 cxd4 13.cxd4 Be6 14.d5 Bxa1 15.Qxa1 f6
16.Bh6 Re8 17.Rb1 Bd7 18.e5 Bc6 19.d6 exd6 20.exf6 Kf7 21.Rb4 Re6 22.Bg5 Qe8
23.Rh4 Kg8 24.Qe1 b6 25.Rxh7 Kxh7 26.Qh4+ Kg8 27.Qh6 Re4 28.Qg7# 1-0